[Event "Panevezys op-B"]
[Site "Panevezys"]
[Date "2010.08.19"]
[Round "3"]
[White "Masiokas, Ignas"]
[Black "Zasytis, Zilvinas"]
[Result "0-1"]
[WhiteElo "1603"]
[BlackElo "1775"]
[PlyCount "118"]
[EventDate "2010.08.18"]
[EventType "swiss"]
[EventRounds "7"]
[EventCountry "LTU"]
[SourceTitle "CBM 138 Extra"]
[Source "ChessBase"]
[SourceDate "2010.10.29"]
[SourceVersion "1"]
[SourceVersionDate "2010.10.29"]
[SourceQuality "1"]

1. e4 c5 2. Nf3 d6 3. d4 cxd4 4. Nxd4 Nf6 5. Bd3 g6 6. Be3 Bg7 7. h3 Nc6 8. c3 Bd7 9. 0-0 Ne5 10. Bc2 Nc4 11. Bc1 0-0 12. Qe2 Rc8 13. Nd2 Ne5 14. f4 Nc6 15. N2f3 Nh5 16. Qf2 Qb6 17. Nxc6 Qxf2+ 18. Rxf2 Bxc6 19. Be3 a6 20. Nd4 Bd7 21. Bd1 Nxf4 22. Bxf4 e5 23. Nb3 exf4 24. Rxf4 Bc6 25. Na5 Bd7 26. Bg4 Bxg4 27. Rxg4 Be5 28. Nxb7 h5 29. Rg5 f6 30. Rxe5 dxe5 31. Rd1 Rb8 32. Rd7 Rf7 33. Rxf7 Kxf7 34. Nd6+ Ke6 35. Nc4 f5 36. exf5+ gxf5 37. Kf2 f4 38. b3 Rd8 39. Ke2 e4 40. Na5 Rc8 41. c4 Rc7 42. b4 Ke5 43. b5 axb5 44. cxb5 Rc2+ 45. Kf1 Rxa2 46. Nc6+ Kd6 47. Nd4 Rb2 48. Nf5+ Ke5 49. Ne7 Rxb5 50. Ng6+ Kf5 51. Ne7+ Ke6 52. Nc6 Rd5 53. Nb4 Rd2 54. Nc6 e3 55. Na5 Rc2 56. Nb3 Kd5 57. h4 Rb2 58. Na5 Kc5 59. Kg1 Rb5 0-1

[Event "Panevezys op-B"]
[Site "Panevezys"]
[Date "2009.08.18"]
[Round "3"]
[White "Surzikovs, Rudolfs"]
[Black "Masiokas, Ignas"]
[Result "1/2-1/2"]
[WhiteElo "1822"]
[BlackElo "1602"]
[PlyCount "64"]
[EventDate "2009.08.17"]
[EventType "swiss"]
[EventRounds "9"]
[EventCountry "LTU"]
[SourceTitle "EXT 2012"]
[Source "ChessBase"]
[SourceDate "2011.11.24"]
[SourceVersion "1"]
[SourceVersionDate "2011.11.24"]
[SourceQuality "1"]

1. Nf3 b6 2. d4 e6 3. c4 Bb7 4. Nc3 Nf6 5. Bg5 Be7 6. e3 h6 7. Bh4 0-0 8. Bd3 d6 9. 0-0 Nbd7 10. e4 a6 11. Re1 Re8 12. Bc2 Nf8 13. Qd3 Ng6 14. e5 dxe5 15. dxe5 Qxd3 16. Bxd3 Bxf3 17. Bxg6 Nd7 18. Bxf7+ Kxf7 19. Bxe7 Bxg2 20. Bh4 Bc6 21. Rad1 g5 22. Bg3 Rad8 23. Rd4 Nc5 24. Red1 Ke7 25. b4 Ne4 26. Nxe4 Bxe4 27. Rxd8 Rxd8 28. Rxd8 Kxd8 29. f4 c5 30. bxc5 bxc5 31. fxg5 hxg5 32. Bf2 Bd3 1/2-1/2

[Event "Panevezys-ch B"]
[Site "Panevezys"]
[Date "2007.04.15"]
[Round "11.4"]
[White "Pliksnys, Bronius"]
[Black "Masiokas, Ignas"]
[Result "1-0"]
[WhiteElo "1722"]
[BlackElo "1647"]
[PlyCount "63"]
[EventDate "2007.02.04"]
[EventType "tourn"]
[EventRounds "13"]
[EventCountry "LTU"]
[SourceTitle "EXT 2024"]
[Source "ChessBase"]
[SourceDate "2023.10.10"]
[SourceVersion "1"]
[SourceVersionDate "2023.10.10"]
[SourceQuality "1"]

1. e4 c5 2. Bc4 d6 3. d3 Nf6 4. Nc3 e6 5. Qf3 Nc6 6. a3 Ne5 7. Bb5+ Bd7 8. Qe2 Bxb5 9. Nxb5 a6 10. Nc3 Be7 11. f4 Nc6 12. Nf3 0-0 13. 0-0 d5 14. e5 Nd7 15. Qf2 b5 16. Kh1 Qc7 17. b3 Nb6 18. Bd2 c4 19. Be3 Rab8 20. Ne2 Nd7 21. b4 f6 22. Ned4 Nd8 23. Qg3 cxd3 24. cxd3 Qc3 25. f5 fxe5 26. Bh6 Bf6 27. Nxe6 Nxe6 28. fxe6 e4 29. Rac1 Qxd3 30. exd7 Be5 31. Qxe5 Rf7 32. Qxb8+ 1-0